=LDR 00000nam 2200000 4500 =001 INLIS000000000044635 =005 20151010100730.0 =006 =007 =008 Ind =035 ##$$0010-101300000002557 =041 ##$$a Ind =082 ##$$a 813 =090 ##$$a 813 , Shu d =100 ##$$a Shuman, George d =245 ##$$a 18 seconds , 18 detik , George d. shuman =260 ##$$a 2011 $b Jakarta =300 ##$$a 406 hal. , 20 cm =850 ##$$a NBPNMAT